00409 2200157 4500245007500000020002200075250001200097100001700109650001800126005001900144260003000163041001400193084000800207300002700215336000900242 aKambing Jantan Sebuah Catatan Harian Pelajar BodohcRaditya DikahText a978-979-780-895-2 aCet. 51 aRaditya Dika aCerita Komedi a20230112072058 aJakartabGagasMediac2005 aIndonesia a813 axx, 228 hlm. :c20 cm. atext